[Event "GER-ch Youth-A"]
[Site "Willingen"]
[Date "2022.06.06"]
[Round "3"]
[White "Noever, Niklas"]
[Black "Matthes, Benjamin"]
[Result "1-0"]
[WhiteElo "1869"]
[BlackElo "1851"]
[PlyCount "101"]
[EventDate "2022.06.04"]
[EventType "swiss"]
[EventRounds "9"]
[EventCountry "GER"]
[SourceTitle "CBM 208 Extra"]
[Source "ChessBase"]
[SourceDate "2022.07.31"]
[SourceVersion "1"]
[SourceVersionDate "2022.07.31"]
[SourceQuality "1"]

1. d4 d5 2. Nf3 c5 3. e3 Nc6 4. dxc5 e6 5. b3 Bxc5 6. Bb2 Nf6 7. Be2 0-0 8. 0-0 Ne4 9. Nc3 f5 10. Na4 Be7 11. c4 Bf6 12. cxd5 exd5 13. Nd4 Nxd4 14. Bxd4 b6 15. Rc1 Be6 16. Qd3 Qd7 17. Nc3 Rac8 18. f3 Nxc3 19. Rxc3 Rxc3 20. Bxc3 Bxc3 21. Qxc3 Qd6 22. f4 Rc8 23. Qd2 Qc5 24. Rd1 Qc3 25. Kf2 Qxd2 26. Rxd2 a5 27. Bf3 Rc5 28. Ke2 Kf7 29. Kd3 Ke7 30. Kd4 Kd6 31. Be2 Rc1 32. Bb5 Rc5 33. Bd3 b5 34. a3 b4 35. axb4 axb4 36. Rc2 Ra5 37. g4 fxg4 38. Bxh7 Ra3 39. Rb2 Bd7 40. Bd3 Bc6 41. Rg2 Bd7 42. Rb2 Ra1 43. Bb1 g6 44. e4 dxe4 45. Bxe4 Rd1+ 46. Ke3 Bf5 47. Bxf5 gxf5 48. Rd2+ Rxd2 49. Kxd2 Ke6 50. Kd3 Kf6 51. Kc4 1-0

[Event "GER-ch Youth-A"]
[Site "Willingen"]
[Date "2022.06.05"]
[Round "1"]
[White "Kardoeus, David"]
[Black "Noever, Niklas"]
[Result "1-0"]
[WhiteElo "2142"]
[BlackElo "1869"]
[PlyCount "95"]
[EventDate "2022.06.04"]
[EventType "swiss"]
[EventRounds "9"]
[EventCountry "GER"]
[SourceTitle "CBM 208 Extra"]
[Source "ChessBase"]
[SourceDate "2022.07.31"]
[SourceVersion "1"]
[SourceVersionDate "2022.07.31"]
[SourceQuality "1"]

1. Nf3 d5 2. c4 e6 3. d4 c5 4. cxd5 exd5 5. Nc3 Nc6 6. g3 Nf6 7. Bg2 Be7 8. 0-0 0-0 9. Be3 b6 10. Rc1 Bb7 11. Qa4 a6 12. dxc5 bxc5 13. Rfd1 Qb6 14. Bg5 Nb4 15. Ne5 Rfd8 16. a3 Nc6 17. Nxc6 Bxc6 18. Qc2 Qb7 19. Na4 c4 20. b4 a5 21. Nc5 Qb5 22. Qc3 axb4 23. axb4 h6 24. Be3 Ra2 25. Bf3 Rda8 26. Qe5 Bf8 27. Rb1 Re8 28. Qd4 Bd6 29. Bf4 Bxf4 30. Qxf4 Ne4 31. Bxe4 dxe4 32. Qe3 c3 33. Re1 c2 34. Rb3 Bd5 35. Rc3 Qxb4 36. Rc1 Rc8 37. Nxe4 Re8 38. Nf6+ gxf6 39. Qxe8+ Kg7 40. Rc8 Kg6 41. Qg8+ Kf5 42. Qh7+ Ke6 43. Qxh6 Rb2 44. Qe3+ Kd7 45. Qe8+ Kd6 46. Qf8+ Ke5 47. Qxb4 Rxb4 48. R8xc2 1-0

[Event "GER-ch U25-A"]
[Site "Willingen"]
[Date "2019.06.14"]
[Round "8"]
[White "Gluma, Christian"]
[Black "Noever, Niklas"]
[Result "1/2-1/2"]
[WhiteElo "1741"]
[BlackElo "1762"]
[PlyCount "64"]
[EventDate "2019.06.08"]
[EventType "swiss"]
[EventRounds "9"]
[EventCountry "GER"]
[SourceTitle "CBM 191 Extra"]
[Source "ChessBase"]
[SourceDate "2019.09.30"]
[SourceVersion "1"]
[SourceVersionDate "2019.09.30"]
[SourceQuality "1"]

1. e4 c5 2. Nf3 Nc6 3. d4 cxd4 4. Nxd4 g6 5. c4 Nf6 6. Nc3 Nxd4 7. Qxd4 Bg7 8. Be3 d6 9. f3 0-0 10. Qd2 Be6 11. Rc1 Nd7 12. Be2 Qa5 13. b3 Rfc8 14. g4 h5 15. h3 Kh7 16. f4 Nc5 17. Bf3 Rh8 18. f5 Bd7 19. Bd4 Rag8 20. fxg6+ fxg6 21. Bxg7 Rxg7 22. gxh5 gxh5 23. Ke2 Ne6 24. Nd5 Qxd2+ 25. Kxd2 h4 26. Bg4 Nc5 27. Bxd7 Nxd7 28. Rcg1 Rhg8 29. Rxg7+ Rxg7 30. Ne3 Ne5 31. Nf5 Rg2+ 32. Ke3 Ng6 1/2-1/2

[Event "GER-ch U25-A"]
[Site "Willingen"]
[Date "2019.06.13"]
[Round "7"]
[White "Martin, Richard"]
[Black "Noever, Niklas"]
[Result "1/2-1/2"]
[WhiteElo "1951"]
[BlackElo "1762"]
[PlyCount "83"]
[EventDate "2019.06.08"]
[EventType "swiss"]
[EventRounds "9"]
[EventCountry "GER"]
[SourceTitle "CBM 191 Extra"]
[Source "ChessBase"]
[SourceDate "2019.09.30"]
[SourceVersion "1"]
[SourceVersionDate "2019.09.30"]
[SourceQuality "1"]

1. e4 c5 2. c3 d5 3. exd5 Qxd5 4. d4 g6 5. Nf3 Bg7 6. Nbd2 cxd4 7. Bc4 Qd8 8. Nxd4 Nf6 9. 0-0 0-0 10. N2f3 Bg4 11. h3 Bxf3 12. Qxf3 Qc7 13. Bb3 Nbd7 14. Re1 e5 15. Nb5 Qb6 16. Na3 a6 17. Bg5 Qc7 18. Rad1 b5 19. Nc2 e4 20. Qf4 Qxf4 21. Bxf4 Rfc8 22. Nb4 Nc5 23. Nd5 Nd3 24. Nc7 Nxf4 25. Nxa8 Rxa8 26. Bc2 Re8 27. Rd6 a5 28. Rd4 Ne6 29. Rd6 Nf4 30. Rb6 Re5 31. Rd1 Ne6 32. Bb3 Nc7 33. Rb7 Nfe8 34. Rd7 Rf5 35. Rb8 Bf8 36. g4 Rf4 37. a4 bxa4 38. Bxa4 e3 39. Bb5 exf2+ 40. Kf1 Kg7 41. Rdd8 Be7 42. Rxe8 1/2-1/2

[Event "GER-ch U25-A"]
[Site "Willingen"]
[Date "2019.06.12"]
[Round "5"]
[White "Noever, Niklas"]
[Black "Gallasch, Robin"]
[Result "0-1"]
[WhiteElo "1762"]
[BlackElo "1889"]
[PlyCount "60"]
[EventDate "2019.06.08"]
[EventType "swiss"]
[EventRounds "9"]
[EventCountry "GER"]
[SourceTitle "CBM 191 Extra"]
[Source "ChessBase"]
[SourceDate "2019.09.30"]
[SourceVersion "1"]
[SourceVersionDate "2019.09.30"]
[SourceQuality "1"]

1. d4 c5 2. d5 Nf6 3. Nf3 g6 4. c4 b5 5. cxb5 a6 6. e3 Bg7 7. Nc3 0-0 8. bxa6 Qa5 9. Bd2 Bxa6 10. Bxa6 Qxa6 11. Qe2 d6 12. Qxa6 Nxa6 13. a3 Rfb8 14. Ra2 c4 15. 0-0 Nc5 16. Rc1 Nd3 17. Rb1 Ng4 18. Nd1 Nge5 19. Nxe5 Bxe5 20. Bc3 Bxc3 21. Nxc3 Rb3 22. Ne4 Rc8 23. Nc3 Rcb8 24. Ne4 c3 25. Nxc3 Rxc3 26. b4 Ra8 27. Rba1 Nxb4 28. Rd2 Rcxa3 29. Rxa3 Rxa3 30. Kf1 Rd3 0-1

[Event "GER-ch U25-A"]
[Site "Willingen"]
[Date "2019.06.11"]
[Round "4"]
[White "Paeslack, Luis"]
[Black "Noever, Niklas"]
[Result "1/2-1/2"]
[WhiteElo "2014"]
[BlackElo "1762"]
[PlyCount "65"]
[EventDate "2019.06.08"]
[EventType "swiss"]
[EventRounds "9"]
[EventCountry "GER"]
[SourceTitle "CBM 191 Extra"]
[Source "ChessBase"]
[SourceDate "2019.09.30"]
[SourceVersion "1"]
[SourceVersionDate "2019.09.30"]
[SourceQuality "1"]

1. d4 d5 2. c4 e6 3. Nc3 Nf6 4. cxd5 exd5 5. Bg5 Nbd7 6. Nf3 Be7 7. e3 c6 8. Qc2 h6 9. Bh4 Nh5 10. Bxe7 Qxe7 11. Be2 Nb6 12. Ne5 Nf6 13. 0-0 0-0 14. Rab1 a5 15. b3 Nfd7 16. Nd3 f5 17. Nf4 Rf6 18. Bd3 Nf8 19. Nce2 Bd7 20. Rfc1 Nc8 21. Qc5 Nd6 22. a3 Qf7 23. Ng3 Ne4 24. Qb6 Be6 25. Ngh5 Rg6 26. Nxg6 Nxg6 27. Bxe4 fxe4 28. Qc5 Rf8 29. Rf1 Nh4 30. Qd6 Qg6 31. Ng3 Nxg2 32. Qe5 Nh4 33. Qh5 1/2-1/2

[Event "GER-ch U25-A"]
[Site "Willingen"]
[Date "2019.06.10"]
[Round "3"]
[White "Kotyk, Michael"]
[Black "Noever, Niklas"]
[Result "1-0"]
[WhiteElo "1966"]
[BlackElo "1762"]
[PlyCount "59"]
[EventDate "2019.06.08"]
[EventType "swiss"]
[EventRounds "9"]
[EventCountry "GER"]
[SourceTitle "CBM 191 Extra"]
[Source "ChessBase"]
[SourceDate "2019.09.30"]
[SourceVersion "1"]
[SourceVersionDate "2019.09.30"]
[SourceQuality "1"]

1. Nf3 c5 2. b3 Nf6 3. Bb2 g6 4. g3 Bg7 5. c4 e6 6. Bg2 0-0 7. 0-0 d5 8. cxd5 Nxd5 9. Bxg7 Kxg7 10. d4 cxd4 11. Qxd4+ Kg8 12. Rd1 Nc6 13. Qb2 Qa5 14. e4 Nde7 15. Na3 b5 16. Rac1 Bb7 17. Rc5 a6 18. Rdc1 Qb6 19. Qd2 Kg7 20. Qb2+ Kg8 21. b4 Rac8 22. Nc2 Rfd8 23. Ne3 Kf8 24. Qh8+ Ng8 25. Qxh7 Nf6 26. Qh6+ Ke7 27. Qg5 e5 28. Nd5+ Rxd5 29. exd5 Na7 30. Qxe5+ 1-0

[Event "GER-ch U25-B"]
[Site "Willingen"]
[Date "2018.05.24"]
[Round "7"]
[White "Noever, Niklas"]
[Black "Alferova, Ekaterina"]
[Result "1/2-1/2"]
[WhiteElo "1637"]
[BlackElo "1775"]
[PlyCount "42"]
[EventDate "2018.05.19"]
[EventType "swiss"]
[EventRounds "9"]
[EventCountry "GER"]
[SourceTitle "CBM 184 Extra"]
[Source "ChessBase"]
[SourceDate "2018.06.28"]
[SourceVersion "1"]
[SourceVersionDate "2018.06.28"]
[SourceQuality "1"]

1. e4 c6 2. d4 d5 3. Nc3 dxe4 4. Nxe4 Nf6 5. Ng3 Bg4 6. Be2 Bxe2 7. N1xe2 e6 8. 0-0 Bd6 9. Bf4 0-0 10. c3 Qc7 11. Bxd6 Qxd6 12. Nc1 Nbd7 13. Nd3 Rad8 14. Qc2 Rfe8 15. Rfe1 e5 16. dxe5 Nxe5 17. Nxe5 Rxe5 18. Rxe5 Qxe5 19. Rd1 Re8 20. Qf5 Qc7 21. Nh5 Nxh5 1/2-1/2

[Event "GER-ch U25-B"]
[Site "Willingen"]
[Date "2018.05.20"]
[Round "1"]
[White "Noever, Niklas"]
[Black "Schmidt, Pauline"]
[Result "1-0"]
[WhiteElo "1637"]
[BlackElo "1371"]
[PlyCount "99"]
[EventDate "2018.05.19"]
[EventType "swiss"]
[EventRounds "9"]
[EventCountry "GER"]
[SourceTitle "CBM 184 Extra"]
[Source "ChessBase"]
[SourceDate "2018.06.28"]
[SourceVersion "1"]
[SourceVersionDate "2018.06.28"]
[SourceQuality "1"]

1. d4 Nf6 2. Nf3 g6 3. Bf4 Bg7 4. e3 0-0 5. Be2 b6 6. 0-0 Bb7 7. h3 d6 8. Nbd2 Nbd7 9. Bh2 Qe8 10. Nc4 Ne4 11. c3 e5 12. Qc2 Qe7 13. Rfe1 Rad8 14. Rad1 Ng5 15. Ncd2 f5 16. Qa4 a5 17. Nxg5 Qxg5 18. Nf3 Qf6 19. Qc4+ Qf7 20. Qxf7+ Rxf7 21. dxe5 Bxf3 22. Bxf3 Rff8 23. e6 Rf6 24. exd7 Rxd7 25. Bc6 Re7 26. Bg3 Rf8 27. Bh4 Re5 28. Bd5+ Kh8 29. Bg3 Ree8 30. f4 Bf6 31. Re2 Re7 32. Rde1 Rfe8 33. Bc6 Rd8 34. e4 fxe4 35. Rxe4 Rf7 36. Re8+ Rxe8 37. Rxe8+ Kg7 38. Bd5 Rd7 39. Be6 Re7 40. Rxe7+ Bxe7 41. Bd5 Kh6 42. Kf2 Bf6 43. Kf3 Kh5 44. Bf2 g5 45. Bf7+ Kh6 46. fxg5+ Kxg5 47. Be3+ Kh4 48. Bg8 h5 49. Be6 Be5 50. Bf4 1-0

[Event "GER-ch U25-A"]
[Site "Willingen"]
[Date "2017.06.09"]
[Round "8"]
[White "Fuhrmann, Aeke"]
[Black "Noever, Niklas"]
[Result "1-0"]
[WhiteElo "1868"]
[BlackElo "1667"]
[PlyCount "87"]
[EventDate "2017.06.04"]
[EventType "swiss"]
[EventRounds "9"]
[EventCountry "GER"]
[SourceTitle "CBM 178 Extra"]
[Source "ChessBase"]
[SourceDate "2017.06.22"]
[SourceVersion "1"]
[SourceVersionDate "2017.06.22"]
[SourceQuality "1"]

1. c4 c5 2. g3 g6 3. Bg2 Bg7 4. Nc3 Nc6 5. a3 e6 6. Rb1 b6 7. Nb5 Nf6 8. Nd6+ Ke7 9. Nxc8+ Rxc8 10. Nf3 d6 11. 0-0 Re8 12. d3 Kf8 13. b4 Re7 14. Bd2 Qc7 15. Qc2 Rd7 16. Bh3 Rb8 17. Bc3 Rdd8 18. Qb2 e5 19. Nd2 Nh5 20. e4 Bh6 21. Nf3 Ng7 22. Nh4 Qe7 23. b5 Nd4 24. Bxd4 cxd4 25. Qe2 Kg8 26. a4 Rf8 27. Ng2 Rbd8 28. f4 f6 29. f5 gxf5 30. Bxf5 Nxf5 31. Rxf5 Qg7 32. Rbf1 Rd7 33. a5 Rdf7 34. Qa2 Rd8 35. axb6 axb6 36. c5 bxc5 37. Rxf6 Rdf8 38. Rxf7 Rxf7 39. Qxf7+ Qxf7 40. Rxf7 Kxf7 41. b6 c4 42. dxc4 d3 43. Kf1 d5 44. b7 1-0

[Event "GER-ch U25-A"]
[Site "Willingen"]
[Date "2017.06.08"]
[Round "7"]
[White "Noever, Niklas"]
[Black "Brunner, Tobias"]
[Result "1-0"]
[WhiteElo "1667"]
[BlackElo "1880"]
[PlyCount "81"]
[EventDate "2017.06.04"]
[EventType "swiss"]
[EventRounds "9"]
[EventCountry "GER"]
[SourceTitle "CBM 178 Extra"]
[Source "ChessBase"]
[SourceDate "2017.06.22"]
[SourceVersion "1"]
[SourceVersionDate "2017.06.22"]
[SourceQuality "1"]

1. d4 f5 2. Bf4 e6 3. e3 Nf6 4. Nf3 b6 5. Bd3 Bb7 6. Nbd2 Be7 7. h3 a5 8. c3 h6 9. h4 d6 10. h5 Ng4 11. Qe2 Nd7 12. e4 e5 13. dxe5 dxe5 14. Bg3 f4 15. Bh4 Bxh4 16. Nxh4 Ngf6 17. Ng6 Nc5 18. Bc4 Rh7 19. f3 Qd6 20. 0-0-0 Nxh5 21. Rxh5 Qxg6 22. Rxe5+ Kd8 23. Nb3+ Nd7 24. Be6 Bc8 25. Bxd7 Bxd7 26. Red5 Kc8 27. Rxd7 Kb7 28. Qc4 Rc8 29. Qd5+ Kb8 30. Qf5 Qxf5 31. exf5 Rhh8 32. Rxg7 Rhf8 33. Rg6 Rxf5 34. Rxh6 Rg8 35. Rh2 Rfg5 36. Rd2 c5 37. Kc2 Kc7 38. Nc1 Kc6 39. Nd3 Rf8 40. c4 b5 41. Rh6+ 1-0

[Event "GER-chT U12"]
[Site "Magdeburg"]
[Date "2016.12.29"]
[Round "5.1"]
[White "Noever, Niklas"]
[Black "Zeuner, Ole"]
[Result "0-1"]
[WhiteElo "1650"]
[BlackElo "1684"]
[PlyCount "66"]
[EventDate "2016.12.27"]
[EventType "team-swiss"]
[EventRounds "7"]
[EventCountry "GER"]
[SourceTitle "EXT 2018"]
[Source "ChessBase"]
[SourceDate "2017.10.13"]
[SourceVersion "1"]
[SourceVersionDate "2017.10.13"]
[SourceQuality "1"]
[WhiteTeam "Rheydt"]
[BlackTeam "Magdeburg Schachzwerge"]
[WhiteTeamCountry "GER"]
[BlackTeamCountry "GER"]

1. e4 c5 2. Nc3 d6 3. d3 g6 4. g3 Bg7 5. Bg2 Nf6 6. Nh3 Nc6 7. 0-0 0-0 8. Bd2 Bd7 9. f4 Bg4 10. Qc1 Nd4 11. Be3 Bd7 12. Nf2 Rc8 13. Qd1 b5 14. g4 b4 15. Bxd4 cxd4 16. Nb1 Qc7 17. a3 a5 18. axb4 axb4 19. Nd2 Qxc2 20. Qe2 Qxb2 21. Rfb1 Qc3 22. Rc1 Qxc1+ 23. Rxc1 Rxc1+ 24. Bf1 Rfc8 25. Nc4 Ra8 26. g5 Raa1 27. Nd2 Nh5 28. f5 b3 29. h4 b2 30. Kh2 Rxf1 31. Qxf1 Rxf1 32. Kg2 b1Q 33. Nxb1 Rxb1 0-1

[Event "GER-chT U12"]
[Site "Magdeburg"]
[Date "2015.12.29"]
[Round "5.1"]
[White "Krastev, Alexander"]
[Black "Noever, Niklas"]
[Result "1-0"]
[WhiteElo "1872"]
[BlackElo "1592"]
[PlyCount "89"]
[EventDate "2015.12.27"]
[EventType "team-swiss"]
[EventRounds "7"]
[EventCountry "GER"]
[SourceTitle "EXT 2017"]
[Source "ChessBase"]
[SourceDate "2016.10.25"]
[SourceVersion "1"]
[SourceVersionDate "2016.10.25"]
[SourceQuality "1"]
[WhiteTeam "Biebertal"]
[BlackTeam "Rheydt"]
[WhiteTeamCountry "GER"]
[BlackTeamCountry "GER"]

1. e4 c5 2. Nc3 e6 3. Nf3 Nc6 4. d4 cxd4 5. Nxd4 g6 6. Be3 Bg7 7. Ndb5 Nge7 8. Nd6+ Kf8 9. Be2 a6 10. 0-0 Qc7 11. Rb1 b5 12. f4 f5 13. e5 h5 14. Bf3 Bb7 15. a4 b4 16. Na2 a5 17. Nb5 Qd8 18. Bc5 Kg8 19. c3 bxc3 20. bxc3 Rb8 21. Bd6 Rc8 22. Nc1 Ba6 23. Nd3 Bf8 24. Kh1 Kg7 25. Nc5 Ra8 26. Rf2 h4 27. Nc7 Qc8 28. Nxa8 Qxa8 29. Nxd7 Qa7 30. Nc5 Kf7 31. Rfb2 h3 32. g3 Bg7 33. Bxc6 Nxc6 34. Rb7+ Bxb7 35. Rxb7+ Qxb7 36. Nxb7 Bf8 37. Bxf8 Rxf8 38. Qd7+ Ne7 39. Nd8+ Kg8 40. Qxe6+ Kh8 41. Qxe7 Kg8 42. Ne6 Rf7 43. Qe8+ Kh7 44. Qxf7+ Kh6 45. Nf8 1-0

[Event "GER-chT U12"]
[Site "Magdeburg"]
[Date "2015.12.29"]
[Round "6.1"]
[White "Noever, Niklas"]
[Black "Triantafillidis, Simeon"]
[Result "1-0"]
[WhiteElo "1592"]
[BlackElo "1587"]
[PlyCount "101"]
[EventDate "2015.12.27"]
[EventType "team-swiss"]
[EventRounds "7"]
[EventCountry "GER"]
[SourceTitle "EXT 2017"]
[Source "ChessBase"]
[SourceDate "2016.10.25"]
[SourceVersion "1"]
[SourceVersionDate "2016.10.25"]
[SourceQuality "1"]
[WhiteTeam "Rheydt"]
[BlackTeam "Biberach"]
[WhiteTeamCountry "GER"]
[BlackTeamCountry "GER"]

1. e4 e5 2. Nf3 Nc6 3. Bb5 a6 4. Ba4 Nf6 5. d3 b5 6. Bb3 Be7 7. c3 d6 8. Be3 Na5 9. Bc2 c5 10. Nbd2 0-0 11. 0-0 Nc6 12. Re1 Be6 13. Nf1 Rc8 14. Ng3 Qc7 15. h3 Rfe8 16. Ng5 h6 17. Nf3 Qd7 18. Nh2 a5 19. f4 exf4 20. Bxf4 Rcd8 21. Qd2 Kh7 22. Nf3 Qb7 23. b3 Nd7 24. Rab1 Nde5 25. Nh2 Bf6 26. Rf1 d5 27. Qe2 Ng6 28. Bd2 d4 29. c4 b4 30. Nf5 Qd7 31. Qh5 Bxf5 32. Rxf5 Re5 33. Ng4 Rxf5 34. exf5 Nge5 35. Nxf6+ gxf6 36. Qxh6+ Kg8 37. Qxf6 Qd6 38. Qxd6 Rxd6 39. Bf4 Rf6 40. g4 Kh7 41. Kf2 Rd6 42. Re1 f6 43. g5 Kg7 44. h4 Rd8 45. h5 Nd7 46. h6+ Kg8 47. g6 Nce5 48. Kg3 Re8 49. Bd1 Nf8 50. Bf3 Re7 51. Bd5+ 1-0

[Event "GER-chT U10"]
[Site "Magdeburg"]
[Date "2014.12.29"]
[Round "7.1"]
[White "Bergauz, Igal"]
[Black "Noever, Niklas"]
[Result "1-0"]
[WhiteElo "1600"]
[BlackElo "1400"]
[PlyCount "66"]
[EventDate "2014.12.27"]
[EventType "team-swiss"]
[EventRounds "7"]
[EventCountry "GER"]
[SourceTitle "EXT 2016"]
[Source "ChessBase"]
[SourceDate "2015.10.08"]
[SourceVersion "1"]
[SourceVersionDate "2015.10.08"]
[SourceQuality "1"]
[WhiteTeam "Muenchen Suedost"]
[BlackTeam "Rheydt"]
[WhiteTeamCountry "GER"]
[BlackTeamCountry "GER"]

1. e4 c5 2. Nf3 d6 3. d4 cxd4 4. Nxd4 Nf6 5. Nc3 g6 6. f3 Bg7 7. Be3 Nc6 8. Qd2 Bd7 9. g4 Qa5 10. h4 h5 11. Nb3 Qc7 12. g5 Nh7 13. Nd5 Qc8 14. 0-0-0 Be6 15. c3 Bxd5 16. exd5 Ne5 17. Bb5+ Nd7 18. Bd4 Bxd4 19. Qxd4 Rg8 20. Rhe1 a6 21. Qe3 Qd8 22. Bf1 Ne5 23. f4 Ng4 24. Qe2 Qc7 25. Rd4 Rd8 26. Rc4 Qd7 27. Re4 Kf8 28. Rxe7 Qc8 29. Bh3 Kg7 30. Qe4 Rge8 31. Nd4 Nf2 32. Bxc8 Nxe4 33. R1xe4 Rxc8 1-0

[Event "GER-chT U10"]
[Site "Magdeburg"]
[Date "2014.12.29"]
[Round "6.1"]
[White "Noever, Niklas"]
[Black "Wang, Xinyuan1111"]
[Result "1-0"]
[WhiteElo "1400"]
[BlackElo "1251"]
[PlyCount "105"]
[EventDate "2014.12.27"]
[EventType "team-swiss"]
[EventRounds "7"]
[EventCountry "GER"]
[SourceTitle "EXT 2016"]
[Source "ChessBase"]
[SourceDate "2015.10.08"]
[SourceVersion "1"]
[SourceVersionDate "2015.10.08"]
[SourceQuality "1"]
[WhiteTeam "Rheydt"]
[BlackTeam "Hohentuebingen"]
[WhiteTeamCountry "GER"]
[BlackTeamCountry "GER"]

1. e4 c5 2. Nf3 a6 3. Nc3 Nc6 4. d4 cxd4 5. Nxd4 e6 6. Be3 Qc7 7. Be2 Bd6 8. g3 Be7 9. Qd2 Nf6 10. f3 h6 11. 0-0-0 d6 12. f4 Nb4 13. a3 a5 14. Ndb5 Qd8 15. Nxd6+ Qxd6 16. Qxd6 Bxd6 17. Rxd6 0-0 18. axb4 axb4 19. Nb1 Nxe4 20. Rd4 Nf6 21. Bf3 Bd7 22. Rxb4 Rac8 23. Nc3 Bc6 24. Bxc6 bxc6 25. Bc5 Rfd8 26. Rd1 Nd5 27. Nxd5 cxd5 28. Bd4 Rc6 29. c3 Ra8 30. Kc2 Kh7 31. Rb7 f6 32. Bxf6 Rg8 33. Ra1 Kg6 34. Be5 Kf5 35. Rxg7 Rxg7 36. Bxg7 Rc4 37. Re1 Rc7 38. Bxh6 Rh7 39. Re5+ Kf6 40. Bg5+ Kg6 41. Rxe6+ Kf5 42. Re5+ Kg4 43. Rxd5 Rxh2+ 44. Kb3 Rxb2+ 45. Kxb2 Kh5 46. Rd6 Kg4 47. c4 Kxg3 48. f5 Kg4 49. f6 Kxg5 50. f7 Kh5 51. f8Q Kg5 52. Qg7+ Kh5 53. Rh6# 1-0

[Event "GER-chT U10"]
[Site "Magdeburg"]
[Date "2014.12.28"]
[Round "5.1"]
[White "Noever, Niklas"]
[Black "Hoegner, Tom"]
[Result "1-0"]
[WhiteElo "1400"]
[BlackElo "1072"]
[PlyCount "93"]
[EventDate "2014.12.27"]
[EventType "team-swiss"]
[EventRounds "7"]
[EventCountry "GER"]
[SourceTitle "EXT 2016"]
[Source "ChessBase"]
[SourceDate "2015.10.08"]
[SourceVersion "1"]
[SourceVersionDate "2015.10.08"]
[SourceQuality "1"]
[WhiteTeam "Rheydt"]
[BlackTeam "Erlangen"]
[WhiteTeamCountry "GER"]
[BlackTeamCountry "GER"]

1. e4 e5 2. Nf3 Nc6 3. Bb5 Nf6 4. d3 a6 5. Ba4 b5 6. Bb3 Bc5 7. c3 0-0 8. 0-0 Bb7 9. Be3 Qe7 10. Qe2 Rad8 11. Bxc5 Qxc5 12. Qe3 Qxe3 13. fxe3 Ng4 14. Re1 Ne7 15. h3 Nf6 16. Nxe5 d5 17. exd5 Bxd5 18. Nd2 Nc6 19. Nxc6 Bxc6 20. d4 Ne4 21. Nxe4 Bxe4 22. a4 c6 23. axb5 axb5 24. Ra7 Ra8 25. Rea1 Rxa7 26. Rxa7 g6 27. Re7 Bd5 28. Bxd5 cxd5 29. Rd7 Re8 30. Kf2 Kg7 31. Rxd5 Rb8 32. b4 Kf6 33. Kf3 Ke6 34. Rc5 f5 35. Kf4 h6 36. Rc6+ Kd5 37. Rxg6 Kc4 38. Rc6+ Kb3 39. Kxf5 Re8 40. e4 Rg8 41. e5 Rxg2 42. e6 Rg3 43. e7 Re3 44. Kf6 Rxc3 45. Rxc3+ Kxc3 46. e8Q Kxd4 47. Qxb5 1-0